Arzobispos y obispos dominicos en Colombia (Registro nro. 15879)

Detalles MARC
000 -ENCABEZADO
Número de control [NR] 00569nam a2200181Ia 4500
008 - DE LONGITUD FIJA DE DATOS DE ELEMENTOS - INFORMACIÓN GENERAL
Elementos de longitud fija [NR] 130821s1947 ck gr dspa
040 ## - FUENTE DE CATALOGACION [NR]
Agencia de catalogación original [NR] Co-BoUCM
Idioma de catalogación [NR] spa
041 ## - CODIGO DE IDIOMA [R]
Código de idioma para texto/pista de sonido o título separado [R] Español
100 ## - ASIENTO PRINCIPAL--NOMBRE PERSONAL [NR]
Nombre personal [NR] Ariza, Alberto E.
ID Autoridad 156026
245 ## - MENCION DE TITULO [NR]
Título [NR] Arzobispos y obispos dominicos en Colombia
Mención de responsabilidad, etc. [NR] Fray. Alberto E. Ariza
250 ## - MENCION DE EDICION [NR]
Mención de edición [NR] 3a. ed.
260 ## - PUBLICACION, DISTRIBUCION, ETC. (PIE DE IMPRENTA) [R]
Lugar de publicación, distribución, etc. [R] Bogotá (Colombia)
Nombre del editor, distribuidor, etc. [R] Editorial Centro
Fecha de publicación, distribución, etc. [R] 1947
300 ## - DESCRIPCION FISICA [R]
Extensión [R] 109 páginas
500 ## - NOTA GENERAL [R]
Nota general [NR] Notas al pie de página
650 04 - ASIENTO SECUNDARIO DE MATERIA - TERMINO TEMATICO [R]
Término temático o nombre geográfico como elemento de entrada [NR] Biografías
9 (RLIN) 7343
942 ## - ELEMENTOS DE ENTRADA AGREGADOS (KOHA)
Tipo de ítem principal el descrito en 300a Libro
Tema principal Biografías
Edición 3
Parte restante de la signatura top. A74
Sistema de clasificación DEWEY
Clasificación 922
Existencias
Fecha de último préstamo Total préstamos Total Renewals Signatura topográfica Código de barras Última vez visto Volúmen / Fascículo Ejemplar Price effective from Tipo de ítem Perdido Sistema de clasificación Dañado No prestable Tipo de ítem específico Suprimido Ubicación habitual Ubicación actual Localización Fecha de creación Forma de adquisición Costo
29/05/2023 7 10 922 A74 100004680 09/12/2025 3A..ED. Ej.1 03/02/2013 Libro   DEWEY     Libro   Claustro Claustro 2do piso 28/02/2003 Donación 48.00